000 00666nam a22001937a 4500
003 OSt
005 20251202104752.0
008 251202b |||||||| |||| 00| 0 eng d
020 _a0-7619-4134-7
040 _aDWC-Main lib
_cOC
082 _aCirc. 158.7 M657 2005
100 _aMillward, L.
245 _aUnderstanding occupational & organizational psychology
_cMillward, Lynie
260 _aLondon :
_bSage Publications,
_cc2005
300 _axiv, 514 pages :
_c24 cm.
504 _aIncludes bibliographical references and index
650 _2Psychology, Industrial
942 _2ddc
_cBK-CIRC
_hCirc. 158.7 M657 2005
_kCirc.
_n0
999 _c6703
_d6703